000 00639nam a2200229Ia 4500
003 OSt
005 20220923214450.0
006 a|||||r|||| 00| 0
007 ta
008 220922b |||||||| |||| 00| 0 hin d
024 _a169,748
037 _cTextual
040 _aARTS
_cARTS
_bhin
041 _2hin
_ahin
082 _aO152:3M913:26, J1
100 _aश्रीवास्तव
245 0 _aभड़ान सिंह शर्मा
246 _aBhaड़ān sianha sharmā
260 _c1951
942 _hO152:3M913:26, J1
_cTEXL
_2CC
999 _c324168
_d324168